Paryaverniye gyankoush (Record no. 439417)

000 -LEADER
fixed length control field 00295cam a22001097a 4500
008 - FIXED-LENGTH DATA ELEMENTS--GENERAL INFORMATION
fixed length control field 180718b1995 xxu||||| |||| 00| 0 eng d
100 ## - MAIN ENTRY--PERSONAL NAME
Personal name Kapoor, B.B.S.
245 ## - TITLE STATEMENT
Title Paryaverniye gyankoush
Statement of responsibility, etc. by B.B.S.Kapoor
260 ## - PUBLICATION, DISTRIBUTION, ETC.
Place of publication, distribution, etc. Rajasthan
Name of publisher, distributor, etc. Madhu Publication
Date of publication, distribution, etc. 1995
300 ## - PHYSICAL DESCRIPTION
Extent 136p.
650 ## - SUBJECT ADDED ENTRY--TOPICAL TERM
Topical term or geographic name entry element Gyankoush
Holdings
Withdrawn status Lost status Damaged status Not for loan Permanent Location Current Location Date acquired Barcode Date last seen Price effective from Koha item type
        Indian Institute of Public Administration Indian Institute of Public Administration 2010-04-28 70534 2018-07-21 2018-07-21 Book

Powered by Koha